[Event "Championnat de France - Open C"]
[Site "Belfort - SNPHHUATVS"]
[Date "2010.08.18"]
[Round "8.7"]
[White "Abdou Issaka, Boubacar"]
[Black "Rocland, Christophe"]
[Result "1/2-1/2"]
[WhiteElo "1781"]
[BlackElo "1711"]
[PlyCount "139"]

1. e4 c5 2. Nf3 d6 3. d4 cxd4 4. Nxd4 Nf6 5. Nc3 a6 6. Bg5 e6 7. f4 b5 8. e5
dxe5 9. fxe5 Qc7 10. Bf4 Nfd7 11. Nf3 Bb4 12. Qd3 Bb7 13. Be2 Nc6 14. a3 Ncxe5
15. Nxe5 Nxe5 16. Bxe5 Qxe5 17. axb4 Rd8 18. Qh3 Rd4 19. O-O Rxb4 20. Bf3 Bxf3
21. Qxf3 O-O 22. Rae1 Qc5+ 23. Kh1 Rxb2 24. Rf2 a5 25. Ne4 Qe7 26. Qc3 Rb4 27.
Rfe2 Ra4 28. Qb3 Qb4 29. Qg3 Qe7 30. Qe5 b4 31. Nc5 Ra3 32. Nd3 a4 33. Rb1 b3
34. cxb3 Rxb3 35. Rxb3 axb3 36. Qb2 Qd6 37. Qxb3 Rb8 38. Qc2 Ra8 39. Re1 h6 40.
Qe2 Qd4 41. Qe4 Qxe4 42. Rxe4 Ra1+ 43. Re1 Rxe1+ 44. Nxe1 f5 45. Kg1 Kf7 46.
Kf2 Kf6 47. Kf3 g5 48. Nd3 e5 49. Nc5 h5 50. Ke3 h4 51. Nd7+ Ke6 52. Nf8+ Kf7
53. Nd7 Ke6 54. Nc5+ Kd5 55. Nd3 f4+ 56. Ke2 e4 57. Nf2 Ke5 58. Ng4+ Kf5 59. h3
Ke6 60. Kd2 Kf5 61. Nh2 Ke5 62. Kc3 f3 63. gxf3 exf3 64. Nxf3+ Kf4 65. Ng1 g4
66. hxg4 Kxg4 67. Kd3 Kg3 68. Ke3 Kg2 69. Nf3 h3 70. Nh4+ 1/2-1/2

[Event "Championnat de France - Open C"]
[Site "Belfort - SNPHHUATVS"]
[Date "2010.08.18"]
[Round "8.8"]
[White "Hauger, Alexandre"]
[Black "Finkel, Julie"]
[Result "1-0"]
[WhiteElo "1778"]
[BlackElo "1665"]
[PlyCount "87"]

1. Nf3 g6 2. e4 Bg7 3. d4 d6 4. Nc3 a6 5. Be2 b5 6. a3 Nd7 7. O-O Bb7 8. Be3
Rc8 9. Qd2 c5 10. dxc5 Nxc5 11. Bd3 Nf6 12. Bh6 O-O 13. Rfe1 Qc7 14. h3 d5 15.
Bxg7 Kxg7 16. exd5 Nxd5 17. Ne5 Rfd8 18. Nxd5 Rxd5 19. Ng4 Nxd3 20. cxd3 h5 21.
Rac1 Qd8 22. Rxc8 Bxc8 23. Qh6+ Kg8 24. Ne5 Qf8 25. Qf4 Bf5 26. d4 Bd7 27. Rc1
Be6 28. Rc6 a5 29. Nxg6 Qe8 30. Qh6 fxg6 31. Rxe6 Rd6 32. Qe3 Rd7 33. Qe4 Kh7
34. Re5 Kg8 35. Rxb5 Rxd4 36. Qe6+ Kh7 37. Rb7 Rd1+ 38. Kh2 Kh6 39. Qe3+ g5 40.
Rb6+ Kh7 41. Qe4+ Kg7 42. Qe5+ Kf8 43. Rb8 Rd8 44. Rxd8 1-0

[Event "Championnat de France - Open C"]
[Site "Belfort - SNPHHUATVS"]
[Date "2010.08.18"]
[Round "8.9"]
[White "Ruhant, Anthony"]
[Black "Miralles, Loic"]
[Result "1-0"]
[WhiteElo "1729"]
[BlackElo "1557"]
[PlyCount "73"]

1. e4 c5 2. Nf3 Nc6 3. d4 cxd4 4. Nxd4 d6 5. c4 e6 6. Nc3 Nf6 7. Be3 Be7 8. Bd3
O-O 9. O-O a6 10. Re1 Qc7 11. f4 Bd7 12. Rc1 Rac8 13. Qf3 Qa5 14. Be2 Rfe8 15.
Nb3 Qd8 16. Qf2 Rf8 17. Bb6 Qe8 18. Rcd1 e5 19. f5 Nb4 20. Rd2 Ba4 21. Na1 Nxa2
22. Nxa2 Nxe4 23. Qe3 Nxd2 24. Qxd2 Qd7 25. Rf1 Bd8 26. Be3 Bc6 27. Nc3 Ba5 28.
f6 gxf6 29. Bh6 Bxc3 30. Qxc3 Kh8 31. Bxf8 Rxf8 32. Rxf6 Rg8 33. Bf3 Qh3 34.
Bxc6 Qxc3 35. bxc3 bxc6 36. Nb3 Rb8 37. Na5 1-0

[Event "Championnat de France - Open C"]
[Site "Belfort - SNPHHUATVS"]
[Date "2010.08.18"]
[Round "8.10"]
[White "Frach, Gerald"]
[Black "Faure, Alexandre"]
[Result "1-0"]
[WhiteElo "1652"]
[BlackElo "1724"]
[PlyCount "61"]

1. d4 Nf6 2. c4 e5 3. e3 exd4 4. exd4 d5 5. Nc3 Be7 6. Nf3 O-O 7. Be2 dxc4 8.
Bxc4 Nbd7 9. O-O Nb6 10. Bb3 c6 11. Bg5 h6 12. Bh4 Bg4 13. Re1 Bh5 14. Qd3 Bg6
15. Qxg6 Nfd5 16. Qe4 g5 17. Nxd5 Nxd5 18. Bg3 Bb4 19. Re2 Qd7 20. Bxd5 cxd5
21. Qd3 Rfe8 22. Rxe8+ Rxe8 23. a3 Ba5 24. b4 Bb6 25. Re1 Rc8 26. Ne5 Qe6 27.
h3 Kg7 28. Kf1 a5 29. Ng4 Qc6 30. Be5+ Kf8 31. Qh7 1-0

[Event "Championnat de France - Open C"]
[Site "Belfort - SNPHHUATVS"]
[Date "2010.08.19"]
[Round "9.1"]
[White "Gautier, Selvan"]
[Black "Lanz, Stephane"]
[Result "1-0"]
[WhiteElo "1626"]
[BlackElo "1750"]
[PlyCount "125"]

1. c4 e5 2. Nc3 f5 3. e4 Nf6 4. Bd3 Bc5 5. Nf3 O-O 6. O-O fxe4 7. Nxe4 Nxe4 8.
Bxe4 d6 9. d4 exd4 10. Nxd4 Qf6 11. Be3 Nd7 12. Bd5+ Kh8 13. Ne6 c6 14. Nxf8
Nxf8 15. Bxc5 dxc5 16. Bf3 Bf5 17. Qb3 b6 18. Rad1 Ne6 19. Bxc6 Rf8 20. Bd5 Nd4
21. Qe3 a5 22. Rd2 h6 23. Qg3 Re8 24. Bf3 Qe6 25. h3 Qxc4 26. b3 Qf7 27. Bg4
Be4 28. Qd6 Qb7 29. Qd7 Qb8 30. Re1 Rd8 31. Qf7 Rf8 32. Qh5 Qf4 33. Rb2 Kh7 34.
g3 g6 35. gxf4 gxh5 36. Rxe4 hxg4 37. hxg4 Rg8 38. Re7+ Kg6 39. Rb7 b5 40. Kg2
h5 41. f3 Kf6 42. Rb6+ Ke7 43. Kg3 Nf5+ 44. Kh3 hxg4+ 45. fxg4 Rh8+ 46. Kg2
Ne3+ 47. Kf3 Rh3+ 48. Ke4 Nxg4 49. Re2 Kd7 50. Rxb5 a4 51. bxa4 Ra3 52. Rxc5
Rxa4+ 53. Kf5 Nh6+ 54. Kg6 Ra6+ 55. Kg5 Nf7+ 56. Kg4 Rg6+ 57. Kf5 Rh6 58. Rd2+
Ke7 59. Rc7+ Ke8 60. Rdd7 Nd6+ 61. Kg5 Re6 62. Rh7 Kd8 63. Ra7 1-0

[Event "Championnat de France - Open C"]
[Site "Belfort - SNPHHUATVS"]
[Date "2010.08.19"]
[Round "9.2"]
[White "Stojanovic, Vojislav"]
[Black "Nolot, Clementine"]
[Result "0-1"]
[WhiteElo "1770"]
[BlackElo "1724"]
[PlyCount "61"]

1. e4 e5 2. Nf3 Nc6 3. Bc4 Bc5 4. b4 Bxb4 5. c3 Ba5 6. Qb3 Qf6 7. O-O Bb6 8. d4
exd4 9. e5 Qg6 10. Qd1 d6 11. Re1 Nge7 12. cxd4 d5 13. Bd3 Qe6 14. Ng5 Qg4 15.
f3 Bxd4+ 16. Kh1 Qh5 17. Bb5 Bxa1 18. e6 fxe6 19. g4 Qg6 20. Bd3 Qf6 21. Nxh7
Rxh7 22. Bxh7 g6 23. Na3 Qg7 24. Nb5 Be5 25. Bxg6+ Nxg6 26. f4 Nxf4 27. Bxf4
Bxf4 28. Qxd5 Qxg4 29. Qe5 Qg5 30. Rd1 Bd7 31. Rd5 0-1

[Event "Championnat de France - Open C"]
[Site "Belfort - SNPHHUATVS"]
[Date "2010.08.19"]
[Round "9.3"]
[White "Dion, Virgile"]
[Black "Courtine, Thomas"]
[Result "0-1"]
[WhiteElo "1670"]
[BlackElo "1753"]
[PlyCount "52"]

1. e4 e5 2. Nf3 Nf6 3. Nxe5 d6 4. Nf3 Nxe4 5. Qe2 Qe7 6. d3 Nf6 7. Qxe7+ Bxe7
8. g3 Nc6 9. Bd2 Bg4 10. Bg2 O-O-O 11. O-O h6 12. Re1 Rhe8 13. Nc3 Bxf3 14.
Bxf3 Nd4 15. Bd1 Nd7 16. Nd5 Bf8 17. c3 Rxe1+ 18. Bxe1 Re8 19. Bd2 Nc6 20. f4
Nc5 21. Bg4+ Kd8 22. d4 Ne4 23. Be3 Na5 24. Re1 c6 25. Nb4 Nc4 26. Nd3 Nf6 0-1

[Event "Championnat de France - Open C"]
[Site "Belfort - SNPHHUATVS"]
[Date "2010.08.19"]
[Round "9.5"]
[White "Theodore, Simon"]
[Black "Hauger, Alexandre"]
[Result "0-1"]
[WhiteElo "1768"]
[BlackElo "1778"]
[Annotator "Rivier,Sylvain"]
[PlyCount "60"]
[EventDate "2010.??.??"]

1. c4 c5 2. Nc3 Nc6 3. g3 g6 4. Bg2 Bg7 5. Nf3 e6 6. d3 Nge7 7. Bf4 a6 8. Bd6
Qb6 9. Rb1 Nf5 10. Bf4 O-O 11. O-O Qd8 12. e4 e5 13. Nxe5 Bxe5 14. Bxe5 Nxe5
15. exf5 d6 16. fxg6 hxg6 17. h3 Rb8 18. Qd2 Bxh3 19. Qh6 Bxg2 20. Kxg2 Qf6 21.
Rh1 Qg7 22. Qh4 f6 23. d4 Nc6 24. dxc5 dxc5 25. Nd5 Rbe8 26. Rbd1 Re5 27. Qg4
f5 28. Qh4 g5 29. Qh5 f4 30. Qg4 f3+ {suite illisible} 0-1

[Event "Championnat de France - Open C"]
[Site "Belfort - SNPHHUATVS"]
[Date "2010.08.19"]
[Round "9.6"]
[White "Gonzalez, Loic"]
[Black "Frach, Gerald"]
[Result "1-0"]
[WhiteElo "1777"]
[BlackElo "1652"]
[PlyCount "49"]

1. f4 d5 2. Nf3 Nf6 3. e3 e6 4. Be2 Bd6 5. b3 Nbd7 6. Bb2 Ne4 7. d3 Nef6 8. Ne5
Bc5 9. d4 Bd6 10. Nd2 O-O 11. O-O c5 12. Bd3 cxd4 13. exd4 Qb6 14. Kh1 Qc7 15.
g4 Nb6 16. g5 Ne8 17. Rf3 g6 18. Rh3 f6 19. Bxg6 fxe5 20. Bxh7+ Qxh7 21. Rxh7
Kxh7 22. Qh5+ Kg8 23. g6 Nf6 24. Qh6 exf4 25. g7 1-0

[Event "Championnat de France - Open C"]
[Site "Belfort - SNPHHUATVS"]
[Date "2010.08.19"]
[Round "9.7"]
[White "Gautier, Marc"]
[Black "Abdou Issaka, Boubacar"]
[Result "1/2-1/2"]
[WhiteElo "1697"]
[BlackElo "1781"]
[PlyCount "138"]

1. e4 c5 2. Nf3 d6 3. d4 cxd4 4. Nxd4 Nf6 5. Nc3 a6 6. Be3 e6 7. Qd2 Be7 8. f3
Nc6 9. g4 Ne5 10. Be2 Qc7 11. g5 Nfd7 12. h4 Nc4 13. Bxc4 Qxc4 14. Nb3 b5 15.
Qd4 Ne5 16. Qxc4 Nxc4 17. Bc1 O-O 18. Nd2 Ne3 19. Rb1 Nxc2+ 20. Kd1 Nb4 21. Ke2
Bb7 22. a3 Nc6 23. b4 Rac8 24. Bb2 Ne5 25. Rbc1 Rc7 26. Nd5 Rd7 27. Nxe7+ Rxe7
28. Bxe5 dxe5 29. Rc5 f6 30. Rhc1 fxg5 31. hxg5 Rf4 32. Rc7 Rff7 33. Rxe7 Rxe7
34. Rc5 Kf7 35. Rxe5 h6 36. gxh6 gxh6 37. Nb3 Kf6 38. f4 Rg7 39. Nc5 Bc8 40.
Nd3 Rg2+ 41. Nf2 Rg1 42. Rh5 Rg6 43. Kf3 Bb7 44. Ng4+ Kg7 45. Nf2 Rg1 46. Rc5
Kh7 47. Rc7+ Rg7 48. Rxg7+ Kxg7 49. Nd3 Kf6 50. Nc5 Bc8 51. Nd3 Kg6 52. Kg3 h5
53. Kh4 Bb7 54. Nc5 Bc8 55. Nd3 Kh6 56. Nc5 Kg6 57. Nd3 Bb7 58. Nc5 Ba8 59. f5+
exf5 60. exf5+ Kxf5 61. Kxh5 Ke5 62. Nxa6 Kd4 63. Nc7 Bf3+ 64. Kg5 Kc4 65. Kf5
Bd1 66. Ke5 Ba4 67. Ke4 Kb3 68. Nxb5 Bxb5 69. Kd4 Kxa3 1/2-1/2

[Event "Championnat de France - Open C"]
[Site "Belfort - SNPHHUATVS"]
[Date "2010.08.19"]
[Round "9.8"]
[White "Moutarlier, Vincent"]
[Black "Phelippot, Geoffrey"]
[Result "1-0"]
[WhiteElo "1769"]
[BlackElo "1698"]
[PlyCount "91"]

1. e4 c5 2. Nf3 e6 3. d4 cxd4 4. Nxd4 Nc6 5. Nc3 a6 6. Be3 Qc7 7. Be2 Nf6 8. f4
Bb4 9. Bf3 Bxc3+ 10. bxc3 d6 11. Nb3 O-O 12. a4 b6 13. O-O Bb7 14. Rb1 Nd7 15.
Qe1 Rac8 16. Qg3 Ne7 17. f5 d5 18. Qg5 Ne5 19. f6 N7g6 20. fxg7 Rfe8 21. Bh5
Qe7 22. Qxe7 Rxe7 23. Bd4 dxe4 24. Nd2 Rd7 25. Rxb6 Nc4 26. Nxc4 Rxc4 27. Rfb1
Bc8 28. Be2 Rdxd4 29. cxd4 Rxc2 30. Bxa6 Bxa6 31. Rxa6 Nf4 32. Rf1 Ne2+ 33. Kh1
Nxd4 34. Ra7 Nf5 35. Kg1 e3 36. g4 e2 37. Re1 Nd4 38. Kf2 Rd2 39. Rd7 Rd1 40.
Rxe2 Nxe2 41. Rxd1 Nc3 42. Ra1 Kxg7 43. a5 Kg6 44. a6 Nb5 45. a7 Nxa7 46. Rxa7
1-0

[Event "Championnat de France - Open C"]
[Site "Belfort - SNPHHUATVS"]
[Date "2010.08.19"]
[Round "9.9"]
[White "Rocland, Christophe"]
[Black "Burmonas, Romain"]
[Result "0-1"]
[WhiteElo "1711"]
[BlackElo "1754"]
[PlyCount "54"]

1. d4 d5 2. e4 dxe4 3. Nc3 Nf6 4. f3 Bf5 5. fxe4 Bxe4 6. Nxe4 Nxe4 7. Nf3 e6 8.
Bd2 Be7 9. Bd3 Nd6 10. O-O Nc6 11. Qe2 Qd7 12. Bb5 Nxb5 13. Qxb5 O-O-O 14. c3
f6 15. Rae1 Rhe8 16. Qh5 e5 17. Qxh7 exd4 18. cxd4 Nxd4 19. Nxd4 Bc5 20. Rxe8
Rxe8 21. Bc3 Bxd4+ 22. Bxd4 Qxd4+ 23. Kh1 Qd7 24. Qc2 Qb5 25. Rc1 c6 26. a4 Qg5
27. b4 Re2 0-1

[Event "Championnat de France - Open C"]
[Site "Belfort - SNPHHUATVS"]
[Date "2010.08.20"]
[Round "10.1"]
[White "Courtine, Thomas"]
[Black "Gautier, Selvan"]
[Result "1-0"]
[WhiteElo "1753"]
[BlackElo "1626"]
[PlyCount "93"]

1. e4 c5 2. Nf3 a6 3. c3 g6 4. d4 cxd4 5. cxd4 d5 6. exd5 Nf6 7. Nc3 Nxd5 8.
Bc4 Nxc3 9. bxc3 b5 10. Bxf7+ Kxf7 11. Ne5+ Kg7 12. Qf3 Be6 13. Qxa8 Bd5 14.
Qa7 Bxg2 15. Rg1 Bd5 16. h4 Qc8 17. Bd2 Nc6 18. Qd7 Qxd7 19. Nxd7 e6 20. Nxf8
Rxf8 21. a4 Rf7 22. axb5 axb5 23. Rg3 b4 24. cxb4 Kf8 25. Bc3 Rf4 26. h5 Nxd4
27. Bxd4 Rxd4 28. hxg6 hxg6 29. Rb1 Be4 30. Rb2 Ke7 31. Ke2 Bf5 32. b5 Kd7 33.
Rc3 Re4+ 34. Kd1 Rd4+ 35. Rd2 Rxd2+ 36. Kxd2 Be4 37. Ke3 Bd5 38. Kf4 Bb7 39.
Ke5 Bd5 40. Kf6 Be4 41. f3 Bb7 42. Kxg6 Bd5 43. Kf6 Ba2 44. Ke5 Bd5 45. Rd3 Kc7
46. Rxd5 exd5 47. Kxd5 1-0

[Event "Championnat de France - Open C"]
[Site "Belfort - SNPHHUATVS"]
[Date "2010.08.20"]
[Round "10.2"]
[White "Nolot, Clementine"]
[Black "Lanz, Stephane"]
[Result "1/2-1/2"]
[WhiteElo "1724"]
[BlackElo "1750"]
[PlyCount "135"]

1. e4 d6 2. d4 Nf6 3. Nc3 g6 4. Nf3 Bg7 5. Be2 O-O 6. h3 c5 7. d5 b5 8. Bxb5
Nxe4 9. Nxe4 Qa5+ 10. Nc3 Bxc3+ 11. bxc3 Qxb5 12. Bh6 Re8 13. a4 Qc4 14. Qd3
Ba6 15. Kd2 e5 16. dxe6 Qxe6 17. Ng5 Qe7 18. Qe3 f6 19. Nf3 Qf7 20. Qf4 Re2+
21. Kc1 Qe7 22. Rd1 Re6 23. h4 Nc6 24. h5 g5 25. Qg3 Kh8 26. Rb1 Rd8 27. Nxg5
fxg5 28. Bxg5 Qe8 29. Bxd8 Qxd8 30. c4 Nd4 31. Qc3 Kg8 32. Kb2 Qe8 33. g4 Re7
34. Ka3 Rf7 35. Re1 Qd7 36. Rb8+ Kg7 37. g5 Rf3 38. Re3 Rxf2 39. h6+ Kf7 40.
Rb2 Rg2 41. Qd3 Qf5 42. Re4 Qxg5 43. Qf1+ Kg6 44. Qd3 Kxh6 45. Re3 Kg7 46. Rh3
h5 47. c3 Rxb2 48. Rg3 Rb3+ 49. Ka2 Kh6 50. Rxg5 Kxg5 51. Qg3+ Kf5 52. Qf2+ Ke6
53. cxd4 Bxc4 54. Ka1 Kd5 55. dxc5 dxc5 56. Qf5+ Kd4 57. Qxh5 a6 58. Qg4+ Kc3
59. Qf3+ Kb4 60. Qb7+ Kxa4 61. Qc6+ Kb4 62. Qb7+ Bb5 63. Qe4+ c4 64. Qe7+ Ka4
65. Qe4 Rb4 66. Qc2+ Ka5 67. Qc3 Ka4 68. Qc2+ 1/2-1/2

[Event "Championnat de France - Open C"]
[Site "Belfort - SNPHHUATVS"]
[Date "2010.08.20"]
[Round "10.3"]
[White "Hauger, Alexandre"]
[Black "Ruhant, Anthony"]
[Result "1-0"]
[WhiteElo "1778"]
[BlackElo "1729"]
[Annotator "Rivier,Sylvain"]
[PlyCount "70"]

1. Nf3 Nc6 2. d4 d6 3. d5 Ne5 4. Nxe5 dxe5 5. c4 Nf6 6. Nc3 e6 7. Bg5 Be7 8.
Bxf6 Bxf6 9. e4 O-O 10. Be2 Be7 11. O-O Bc5 12. Rb1 a6 13. Bf3 Qe7 14. a3 f5
15. b4 Bd4 16. Ne2 Ba7 17. Nc3 f4 18. c5 Rd8 19. Rb2 b6 20. c6 b5 21. Rd2 Kh8
22. Bg4 exd5 23. Nxd5 Qd6 24. Bxc8 Raxc8 25. Qh5 Re8 26. Qg5 Re6 27. Nxf4 Qxd2
28. Ng6+ Rxg6 29. Qxd2 Bd4 30. g3 Rxc6 31. Kg2 Rd6 32. Qg5 Rf6 33. Qc1 c5 34.
bxc5 Rxc5 35. Qd2 Bc3 {suite illisible} 1-0

[Event "Championnat de France - Open C"]
[Site "Belfort - SNPHHUATVS"]
[Date "2010.08.20"]
[Round "10.4"]
[White "Germond, Thierry"]
[Black "Gonzalez, Loic"]
[Result "1-0"]
[WhiteElo "1745"]
[BlackElo "1777"]
[PlyCount "110"]

1. d4 d5 2. c4 c6 3. Nc3 Nf6 4. Bg5 Ne4 5. Nxe4 dxe4 6. Qd2 Bf5 7. e3 h6 8. Bh4
g5 9. Bg3 Bg7 10. Ne2 Nd7 11. Nc3 e5 12. Be2 Qf6 13. Rd1 Rd8 14. Qc1 h5 15. h4
g4 16. b3 Qh6 17. Qb2 O-O 18. O-O exd4 19. exd4 Qh8 20. Qd2 Nb6 21. Qg5 Bg6 22.
Be5 Bxe5 23. dxe5 Kh7 24. a4 Nd7 25. Bxg4 hxg4 26. h5 Qxe5 27. hxg6+ fxg6 28.
Qxe5 Nxe5 29. Nxe4 Nd3 30. Ng5+ Kg7 31. Ne6+ Kf7 32. Nxf8 Kxf8 33. Rfe1 Rd7 34.
Re3 Nc5 35. Rxd7 Nxd7 36. Kh2 Nc5 37. Kg3 Kf7 38. Kxg4 Kf6 39. f4 a5 40. Kf3 b6
41. g3 Nb7 42. g4 Nd6 43. Rd3 Ke6 44. Rxd6+ Kxd6 45. Ke4 Ke6 46. f5+ gxf5+ 47.
gxf5+ Kd6 48. Kd4 Kd7 49. Ke5 Ke7 50. f6+ Kd7 51. Kf5 Kd6 52. f7 Ke7 53. Kg6
Kf8 54. Kf6 b5 55. Ke6 b4 1-0

[Event "Championnat de France - Open C"]
[Site "Belfort - SNPHHUATVS"]
[Date "2010.08.20"]
[Round "10.5"]
[White "Sartre, Guilhem"]
[Black "Stojanovic, Vojislav"]
[Result "1-0"]
[WhiteElo "1723"]
[BlackElo "1770"]
[PlyCount "105"]

1. d4 f5 2. c4 e6 3. Nf3 Nf6 4. g3 d5 5. Bg2 Be7 6. O-O O-O 7. b3 c6 8. Ba3 Ne4
9. Bxe7 Qxe7 10. Qc2 Nd7 11. Nbd2 Ndf6 12. Ne5 Bd7 13. Nd3 Be8 14. Nf3 Nd7 15.
Nfe5 Nxe5 16. Nxe5 Rf6 17. f3 Nd6 18. Qd2 Nf7 19. Nxf7 Bxf7 20. e4 dxc4 21.
bxc4 e5 22. Rfe1 fxe4 23. fxe4 exd4 24. Qxd4 Rd6 25. Qe3 c5 26. e5 Rd4 27. e6
Bg6 28. Bd5 Rf8 29. Rad1 Rxd1 30. Rxd1 Rd8 31. Rf1 Kh8 32. Bxb7 h6 33. Bd5 Rc8
34. Qe5 Rd8 35. Rf2 Rc8 36. Rb2 Rc7 37. Rb8+ Kh7 38. Qf4 Qf6 39. Qxf6 gxf6 40.
Rd8 Bf5 41. Be4 Kg6 42. Rd7 Rc8 43. e7 Re8 44. Bxf5+ Kxf5 45. Rxa7 Ke6 46. a4
Rxe7 47. Rxe7+ Kxe7 48. Kf2 Kd6 49. Ke3 Kc6 50. Ke4 Kb6 51. Kd5 h5 52. h4 f5
53. a5+ 1-0

[Event "Championnat de France - Open C"]
[Site "Belfort - SNPHHUATVS"]
[Date "2010.08.20"]
[Round "10.6"]
[White "Bandet, Raphael"]
[Black "Moutarlier, Vincent"]
[Result "1-0"]
[WhiteElo "1717"]
[BlackElo "1769"]
[PlyCount "123"]

1. e4 e5 2. Nf3 Nc6 3. Bc4 Bc5 4. c3 Nf6 5. d4 exd4 6. cxd4 Bb4+ 7. Nc3 Nxe4 8.
O-O Nf6 9. Re1+ Ne7 10. Bxf7+ Kxf7 11. Qb3+ d5 12. Ne5+ Kg8 13. Qxb4 Ng6 14.
Bg5 c6 15. Re3 Qf8 16. Qxf8+ Kxf8 17. Nxg6+ hxg6 18. Rae1 Bf5 19. Re7 Rb8 20.
Bxf6 gxf6 21. Rc7 Rh4 22. Ree7 Re8 23. Rxe8+ Kxe8 24. Rxb7 Rxd4 25. h3 a5 26.
Kf1 Rb4 27. Rxb4 axb4 28. Nd1 d4 29. Ke2 Ke7 30. a3 Kd6 31. axb4 Kd5 32. b3 Bc2
33. Nb2 Bxb3 34. Kd3 Ba2 35. f3 g5 36. g3 Bb1+ 37. Ke2 c5 38. b5 Bf5 39. h4
gxh4 40. gxh4 Bd7 41. b6 Kc6 42. Nc4 Be6 43. Kd3 Bd5 44. h5 Bxf3 45. h6 Bh5 46.
Ke4 Bg6+ 47. Kf4 Bh7 48. Kf3 Bg8 49. Kf4 f5 50. Kf3 Kb5 51. h7 Bxh7 52. b7 Kxc4
53. b8=Q d3 54. Qb2 Bg6 55. Ke3 f4+ 56. Kxf4 Bh5 57. Qc1+ Kd4 58. Qe3+ Kc4 59.
Qe4+ Kb3 60. Qd5+ Kb2 61. Qxh5 d2 62. Qd1 1-0

[Event "Championnat de France - Open C"]
[Site "Belfort - SNPHHUATVS"]
[Date "2010.08.20"]
[Round "10.7"]
[White "Burmonas, Romain"]
[Black "Laigneau, Arthur"]
[Result "1/2-1/2"]
[WhiteElo "1754"]
[BlackElo "1707"]
[PlyCount "65"]

1. e4 e5 2. Nc3 Nf6 3. Bc4 Bc5 4. d3 d6 5. f4 Ng4 6. Nf3 Nf2 7. Qe2 Nxh1 8. Be3
Bxe3 9. Qxe3 Nc6 10. f5 Nd4 11. O-O-O Nxf3 12. gxf3 Qh4 13. Nd5 Kd8 14. Rxh1 c6
15. Nc3 Qf4 16. Qxf4 exf4 17. Bxf7 g6 18. fxg6 hxg6 19. h4 Rh6 20. Nd1 Ke7 21.
Bb3 Be6 22. Bxe6 Kxe6 23. Nf2 Rah8 24. Nh3 Rxh4 25. Nxf4+ Kf6 26. Rxh4 Rxh4 27.
Ne2 Rh3 28. f4 d5 29. Kd2 Rf3 30. e5+ Ke7 31. Kc1 c5 32. Kd2 a6 33. b3 1/2-1/2

[Event "Championnat de France - Open C"]
[Site "Belfort - SNPHHUATVS"]
[Date "2010.08.20"]
[Round "10.8"]
[White "Abdou Issaka, Boubacar"]
[Black "Dion, Virgile"]
[Result "0-1"]
[WhiteElo "1781"]
[BlackElo "1670"]
[PlyCount "76"]

1. e4 c5 2. Nf3 Nc6 3. d4 cxd4 4. Nxd4 Nf6 5. Nc3 e5 6. Nf3 Bb4 7. Bd3 d5 8.
Bb5 Nxe4 9. Qd3 Bf5 10. Bxc6+ bxc6 11. Qa6 Nxc3 12. Bd2 Nxa2 13. Rxa2 Bxd2+ 14.
Kxd2 O-O 15. g3 Be4 16. Ra3 Qf6 17. Qe2 Rab8 18. Rb1 Rb7 19. Qe3 Rfb8 20. Rxa7
Qxf3 21. Qc5 h6 22. Ra3 Qf5 23. b4 Rb5 24. Qe3 d4 25. Qe2 Bxc2 26. Rb2 d3 27.
Qe3 Qg5 28. f4 exf4 29. gxf4 Qg2+ 30. Kc3 Qg6 31. Kd2 Rxb4 32. Rxb4 Rxb4 33.
Ra8+ Kh7 34. Qe8 Qg2+ 35. Kc3 Rb3+ 36. Kd4 Qd5+ 37. Ke3 d2+ 38. Kf2 Qf3+ 0-1

[Event "Championnat de France - Open C"]
[Site "Belfort - SNPHHUATVS"]
[Date "2010.08.20"]
[Round "10.9"]
[White "Damour, Theo"]
[Black "Siret, Bernard"]
[Result "1/2-1/2"]
[WhiteElo "1687"]
[BlackElo "1780"]
[PlyCount "58"]

1. d4 Nf6 2. Nf3 g6 3. c4 Bg7 4. Nc3 d5 5. cxd5 Nxd5 6. e4 Nxc3 7. bxc3 c5 8.
Be3 O-O 9. Be2 cxd4 10. Bxd4 Nc6 11. Bxg7 Kxg7 12. O-O Qc7 13. Qb3 b6 14. Nd4
Na5 15. Qb4 Bb7 16. f3 Rfc8 17. Rac1 e5 18. Nb5 Qc5+ 19. Kh1 Ba6 20. Rfe1 Bxb5
21. Bxb5 Rc7 22. Qxc5 Rxc5 23. Ba6 Rd8 24. c4 Nc6 25. Bb5 Nd4 26. Rb1 f6 27.
Red1 Kf7 28. Rd3 Ke7 29. Ra3 Rc7 1/2-1/2

[Event "Championnat de France - Open C"]
[Site "Belfort - SNPHHUATVS"]
[Date "2010.08.21"]
[Round "11.1"]
[White "Nolot, Clementine"]
[Black "Courtine, Thomas"]
[Result "1/2-1/2"]
[WhiteElo "1724"]
[BlackElo "1753"]
[PlyCount "30"]

1. e4 e5 2. Nf3 Nf6 3. d4 exd4 4. e5 Ne4 5. Qxd4 d5 6. exd6 Nxd6 7. Bf4 Nc6 8.
Qe3+ Be7 9. Nc3 Nf5 10. Qd3 Bd6 11. Bxd6 Nxd6 12. O-O-O O-O 13. h4 Qf6 14. Nd5
Qh6+ 15. Kb1 Bf5 1/2-1/2

[Event "Championnat de France - Open C"]
[Site "Belfort - SNPHHUATVS"]
[Date "2010.08.21"]
[Round "11.2"]
[White "Gautier, Selvan"]
[Black "Hauger, Alexandre"]
[Result "0-1"]
[WhiteElo "1626"]
[BlackElo "1778"]
[PlyCount "60"]

1. c4 c5 2. Nf3 Nc6 3. Nc3 g6 4. g3 Bg7 5. Bg2 Nf6 6. O-O O-O 7. d4 cxd4 8.
Nxd4 Nxd4 9. Qxd4 d6 10. Be3 Ng4 11. Qd2 Nxe3 12. Qxe3 Be6 13. Nd5 Qd7 14. Qb3
Rab8 15. Nf4 b5 16. Nxe6 Qxe6 17. cxb5 Qxb3 18. axb3 Rxb5 19. Rxa7 e6 20. e4
Bd4 21. Rd1 Bxa7 22. Rxd6 Rxb3 23. Rd2 Rfb8 24. Rd7 R3b7 25. Rd3 Rxb2 26. Rf3
Re2 27. Ra3 Rb1+ 28. Bf1 Bxf2+ 29. Kg2 Bc5+ 30. Bxe2 Bxa3 0-1

[Event "Championnat de France - Open C"]
[Site "Belfort - SNPHHUATVS"]
[Date "2010.08.21"]
[Round "11.3"]
[White "Lanz, Stephane"]
[Black "Sartre, Guilhem"]
[Result "0-1"]
[WhiteElo "1750"]
[BlackElo "1723"]
[PlyCount "72"]

1. e4 e6 2. d4 d5 3. c4 dxe4 4. Nc3 f5 5. f3 exf3 6. Nxf3 Nf6 7. Bd3 Be7 8. O-O
O-O 9. Bf4 Kh8 10. Qe1 Nc6 11. Nb5 Bd6 12. Nxd6 cxd6 13. Rd1 d5 14. Qh4 Ne4 15.
Qh5 Qf6 16. Be5 Qg6 17. Qh4 b6 18. Nd2 Bb7 19. Rf3 Nxe5 20. dxe5 Qg5 21. Qe1
Nxd2 22. Qxd2 Qxd2 23. Rxd2 dxc4 24. Bxc4 Bxf3 25. gxf3 Rad8 26. Rd6 Rxd6 27.
exd6 Rd8 28. Bxe6 Rxd6 29. Bxf5 Rd2 30. b4 Rxa2 31. b5 g6 32. Bc8 Kg7 33. Bb7
Kf6 34. Kh1 Ke5 35. Kg1 Kf4 36. Bc6 a5 0-1

[Event "Championnat de France - Open C"]
[Site "Belfort - SNPHHUATVS"]
[Date "2010.08.21"]
[Round "11.4"]
[White "Dion, Virgile"]
[Black "Germond, Thierry"]
[Result "0-1"]
[WhiteElo "1670"]
[BlackElo "1745"]
[PlyCount "62"]

1. e4 Nf6 2. e5 Nd5 3. c4 Nb6 4. d4 d6 5. f4 dxe5 6. fxe5 Nc6 7. Be3 Bf5 8. Nc3
e6 9. Nf3 Qd7 10. Be2 Bg4 11. Qd2 O-O-O 12. Rd1 f6 13. exf6 gxf6 14. Ne4 Bb4
15. Nc3 Bxf3 16. gxf3 Na5 17. b3 Nc6 18. Qb2 Qe7 19. Kf2 f5 20. Rhg1 Qh4+ 21.
Kg2 Bd6 22. c5 Qxh2+ 23. Kf1 Qh3+ 24. Kf2 Qh4+ 25. Kf1 Bh2 26. cxb6 Bxg1 27.
Bxg1 Rhg8 28. Rd2 Rxg1+ 29. Kxg1 Rg8+ 30. Kf1 Qh1+ 31. Kf2 Qg1# 0-1

[Event "Championnat de France - Open C"]
[Site "Belfort - SNPHHUATVS"]
[Date "2010.08.21"]
[Round "11.5"]
[White "Joubert, Leo"]
[Black "Bandet, Raphael"]
[Result "0-1"]
[WhiteElo "1750"]
[BlackElo "1717"]
[PlyCount "48"]

1. d4 d5 2. Nf3 Nf6 3. e3 Bf5 4. c4 e6 5. Be2 Nbd7 6. Nc3 c6 7. O-O Bd6 8. Nh4
Bg6 9. Nxg6 hxg6 10. h3 Rc8 11. Bf3 Bb8 12. e4 dxe4 13. Bxe4 Qc7 14. f4 g5 15.
Qf3 Nh5 16. fxg5 Qh2+ 17. Kf2 Ng3 18. Rd1 Rxh3 19. Ke1 Qg1+ 20. Kd2 Nxe4+ 21.
Qxe4 Qf2+ 22. Ne2 Rh4 23. Qf3 Rxd4+ 24. Kc3 Qxf3+ 0-1